| 000 | 00703nam a22001337a 4500 | ||
|---|---|---|---|
| 040 | _cRUA | ||
| 082 | _aFIS ORN 2009 B181 Or.1 | ||
| 100 | _aORNG, SREYPHANG. | ||
| 245 | _aCase study on seed production of freshwater prawn at khiev sam' s farm in tramkak district takeo province, ករណីសិក្ការផលិតកូនបង្កងទឹកសាបនៅកសិដ្ឋានរបស់កសិករ(ខៀវ សំ) នៅស្រុកត្រាំកក់ ខេត្តតាកែវ | ||
| 260 |
_aPhnom Penh _bRUA _c2009 |
||
| 300 |
_aix; 37p. _bill. _c29cm. |
||
| 856 | _uhttps://drive.google.com/file/d/1DpZS3Y2ZS3UutIk7rfKDXRu_WVyEtvf2/view?usp=sharing | ||
| 942 | _cFIS | ||
| 999 |
_c3935 _d3935 |
||